| 000 | 00370nam a2200145Ia 4500 | ||
|---|---|---|---|
| 008 | 221030s9999 xx 000 0 und d | ||
| 020 | _a9350145425 | ||
| 041 | _aEnglish | ||
| 100 | _aV. C. Agarwal | ||
| 245 | 0 |
_aIrrigation Engineering & Hydraulic Structures _cby V. C. Agarwal |
|
| 260 |
_bKatson _aNew Delhi _c2016 |
||
| 300 | _a610 | ||
| 650 | _aCivil | ||
| 942 | _cBK | ||
| 999 |
_c17623 _d17623 |
||